000 00628nam a2200193 i 4500
001 74616
003 ES-MaACL
005 20230906172205.0
007 t|
008 040920s1953 sp ||||1| spa d
100 1 _aGonzález Rodríguez, Pedro.
_958925
245 1 0 _aAspectos epidemiológico y social de la poliomelitis
_b: la parálisis infantil en España /
_cPedro González Rodríguez.
260 _aMadrid :
_b[s.n.,
_c1953]
300 _a96 p. :
_bil. ;
_c19 cm.
490 1 _aFolletos para médicos
830 0 _aFolletos para médicos
_9183455
852 _aES-MaACL
_j1947-F-13
_bR.33179
999 _c74616
_d74616